000 01720nam a22004577a 4500
001 000095656
003 CHAP
005 20220329143119.0
008 060428d2006 mx abd r 00110 spa d
010 _a92122
011 _a93094
035 _a103665
040 _cCHAP
090 _aTesis
100 1 _aTorres Díaz, Patricia.
_9114083
245 1 0 _aEvaluación de factibilidad técnico-financiero en la extracción de fibra y polvillo de coco en Coyuca de Benitez, Gro. /
_c/por Patricia Torres Díaz.
260 _aChapingo, Méx. :
_bEl autor,
_c2006.
300 _a129 h. :
_bilus. ; gráfs. ; mapa ; cuadros ; diagramas.
502 _aTesis (Ing. en Irrigación) -- UACH. Departamento de Irrigación
590 _aALEPH
_b10
_c20130110
_lUCH01
_h1511
590 _aBATCH-UPD
_b10
_c20130110
_lUCH01
_h0531
590 _aBATCH-UPD
_b10
_c20130110
_lUCH01
_h2219
590 _aBATCH-UPD
_b10
_c20130410
_lUCH01
_h0210
590 _aBATCH-UPD
_b10
_c20130914
_lUCH01
_h0657
590 _aBATCH-UPD
_b10
_c20140324
_lUCH01
_h1456
590 _aBATCH-UPD
_b10
_c20141002
_lUCH01
_h0830
590 _aCONVERSION
_b10
_c20130109
_lUCH01
_h1351
590 _aE11695DGD
_b10
_c20130604
_lUCH01
_h0927
650 1 4 _aBonote.
_913750
650 1 4 _aCoco
_xGuerrero.
_924248
650 1 4 _aEstudios de factibilidad.
_938520
650 1 4 _aFinanzas
_xEvaluación.
_940940
650 1 4 _aPolvo de coco.
_990734
856 _3Finding aid
_uhttp://10.13.5.2/tesis/103665.pdf
_zTeclea aquí
901 _aBK
905 _aMarco A. Mendoza T.
942 _cCD
942 _n0
949 _aTesis
_bBC
_cTES
_d00000001036651
_eTS1
_gDonaciØn
_h45085
_i103665
_sb
949 _aTesis
_bBC
_cTES
_d33724000998035
_eTS2
_fc.2
_gDonaciØn
_h45086
_i103665
_si
999 _c92122
_d92122